Quiz sur la Vendée - Statistiques

Statistiques générales
  • Ce quiz a été pris 500 fois
  • Le résultat moyen est 15 sur 20
Statistiques - réponses
Question Réponse % Correct
Numéro du département 85
99%
Préfecture et plus grande ville La Roche-sur-Yon
95%
Région Pays de la Loire
95%
Etendue d'eau bordant le département. Océan Atlantique
93%
Course à la voile autour du monde où les points de départ et d'arrivée ont lieu dans le département. Vendée Globe
90%
Loire-Atlantique
89%
Complexe de loisirs élu meilleur parc d'attractions du monde en 2012 et 2014. Puy du Fou
89%
Ile qui était jusqu'en 1971 reliée au continent par le seul passage submersible de Gois. Ile de Noirmoutier
83%
Ile sur laquelle le Maréchal Pétain fut incarcéré jusqu'à sa mort. Ile d'Yeu
81%
Les Sables-d'Olonne
79%
Maine-et-Loire
79%
Emission qui a fait connaître Jamy Gourmaud, né en Vendée. C'est pas sorcier
78%
Deux-Sèvres
78%
Départements limitrophes Charente-Maritime
76%
Gentilé Vendéen
73%
Spécialité de Vendée composée d'un pain garni généralement d'ail, de beurre et de poivre. Préfou
69%
Sous-préfectures Fontenay-le-Comte
61%
Ancienne province à laquelle appartenait la Vendée jusqu'à la Révolution. Poitou
60%
Parc naturel régional du sud du département. Parc naturel régional du Marais poitevin
50%
Nombre d'habitants (arrondi à la dizaine de milliers d'habitants) 680 000 (679 991)
25%
Aucun quiz correspondant
Distribution des résultats
% des personnes avec chaque résultat
Percentile par nombre de réponses
Votre historique - résultats
Vous n’avez pas pris ce quiz